Archivácia účtovných a daňových dokladov
Platná legislatíva o dobe archivácie účtovných dokladov. Uchovávanie a ochrana účtovnej dokumentácie. Lehoty na uchovávanie účtovných dokladov. Ďalšie povinnosti týkajúce sa účtovnej dokumentácie.
Guardado en:
| Autor principal: | |
|---|---|
| Formato: | Capítulo de libro |
| Lenguaje: | eslovaco |
| Materias: | |
| Etiquetas: |
Sin Etiquetas, Sea el primero en etiquetar este registro!
|
MARC
| LEADER | 00000naa a2200000 4500 | ||
|---|---|---|---|
| 001 | 0242733 | ||
| 005 | 20210225100058.3 | ||
| 041 | 0 | |a slo | |
| 044 | |a SK | ||
| 245 | 1 | 0 | |a Archivácia účtovných a daňových dokladov |c Iveta Kolenová |
| 520 | |a Platná legislatíva o dobe archivácie účtovných dokladov. Uchovávanie a ochrana účtovnej dokumentácie. Lehoty na uchovávanie účtovných dokladov. Ďalšie povinnosti týkajúce sa účtovnej dokumentácie. | ||
| 610 | 2 | 0 | |a účtovníctvo |
| 610 | 2 | 0 | |a archivácia |
| 610 | 2 | 0 | |a jednotka účtovná |
| 610 | 2 | 0 | |a dokumenty |
| 610 | 2 | 0 | |a doklady účtovné |
| 610 | 2 | 0 | |a doklady daňové |
| 610 | 2 | 0 | |a archívy účtovné |
| 610 | 2 | 0 | |a legislatíva |
| 610 | 2 | 0 | |a novelizácia |
| 100 | 1 | |a Kolenová, Iveta | |